[Event "World Junior Girls 2015"]
[Site "Khanty-Mansiysk RUS"]
[Date "2015.09.10"]
[Round "8.7"]
[White "Makarenko, Alexandra"]
[Black "Drogovoz, Irina"]
[Result "1-0"]
[WhiteTitle "WFM"]
[WhiteElo "2229"]
[BlackElo "2253"]
[WhiteFideId "4165055"]
[BlackFideId "4176715"]
[EventDate "2015.09.02"]

1. e4 c5 2. Nf3 d6 3. d4 cxd4 4. Nxd4 Nf6 5. Nc3 a6 6. Bg5 Nbd7 7. Bc4 Qb6 8.
Qd2 Qxb2 9. O-O e6 10. f4 Qa3 11. Kh1 Be7 12. Bxe6 fxe6 13. Nxe6 Kf7 14. e5 Kxe6
15. Rae1 Kf7 16. exf6 Nxf6 17. Rxe7+ Kxe7 18. Nd5+ Kf7 19. Bxf6 Qc5 20. f5 gxf6
21. c4 h5 22. Qe2 Re8 23. Qxh5+ Kf8 24. Qh8+ Kf7 25. Qxf6+ Kg8 26. Qg6+ Kf8 27.
f6 1-0

[Event "World Junior Girls 2015"]
[Site "Khanty-Mansiysk RUS"]
[Date "2015.09.10"]
[Round "8.8"]
[White "Bayarmaa, Bayarjargal"]
[Black "Rodriguez Rueda, Paula Andrea"]
[Result "1-0"]
[WhiteTitle "WFM"]
[BlackTitle "IM"]
[WhiteElo "2265"]
[BlackElo "2358"]
[WhiteFideId "4900260"]
[BlackFideId "4404564"]
[EventDate "2015.09.02"]

1. d4 d5 2. c4 e6 3. Nc3 Nf6 4. Nf3 Be7 5. Bg5 h6 6. Bh4 O-O 7. cxd5 exd5 8. Qc2
c5 9. dxc5 Qa5 10. e3 Nc6 11. Be2 Qxc5 12. Rd1 Be6 13. O-O Rac8 14. Qb1 Rfd8 15.
Nd4 Nxd4 16. Rxd4 a6 17. a4 Rd7 18. h3 Qa5 19. Bd3 Rcd8 20. Rc1 Qb6 21. b4 a5
22. bxa5 Qxa5 23. Nb5 Ne8 24. Bxe7 Rxe7 25. Rc3 Nd6 26. Qc1 Nc4 27. e4 Ne5 28.
exd5 Nxd3 29. Rcxd3 Bxh3 30. Kh2 Bf5 31. Rg3 Kf8 32. Qa3 Rd7 33. Rf3 g6 34. Re3
Qd8 35. g4 Bc2 36. Rc4 Bd1 37. Rc7 Rxc7 38. d6 Rcd7 39. Qa1 Kg8 40. dxe7 Qe8 41.
Qf6 1-0

[Event "World Junior Girls 2015"]
[Site "Khanty-Mansiysk RUS"]
[Date "2015.09.10"]
[Round "8.9"]
[White "Osmanodja, Filiz"]
[Black "Terbe, Julianna"]
[Result "1-0"]
[WhiteTitle "WIM"]
[BlackTitle "WFM"]
[WhiteElo "2309"]
[BlackElo "2233"]
[WhiteFideId "24633569"]
[BlackFideId "708780"]
[EventDate "2015.09.02"]

1. e4 c5 2. Nf3 e6 3. d4 cxd4 4. Nxd4 a6 5. Nc3 b5 6. Bd3 Qb6 7. Nb3 Qc7 8. Qe2
Nc6 9. f4 d6 10. a4 b4 11. Na2 Nf6 12. Bd2 Qb7 13. O-O e5 14. f5 Be7 15. g4 h6
16. Bc4 Rb8 17. Bd5 Bd7 18. Kh1 Nxd5 19. exd5 Nd8 20. Nxb4 Bg5 21. Bc3 Ra8 22.
Na5 Qb6 23. Nc4 Qc5 24. Nxd6+ Kf8 25. Ne4 1-0

[Event "World Junior Girls 2015"]
[Site "Khanty-Mansiysk RUS"]
[Date "2015.09.10"]
[Round "8.10"]
[White "Michelle Catherina, P"]
[Black "Aulia, Medina Warda"]
[Result "1/2-1/2"]
[WhiteTitle "WIM"]
[BlackTitle "WGM"]
[WhiteElo "2259"]
[BlackElo "2417"]
[WhiteFideId "5005736"]
[BlackFideId "7101570"]
[EventDate "2015.09.02"]

1. c4 e5 2. Nc3 Nf6 3. g3 c6 4. Nf3 e4 5. Nd4 Qb6 6. Nb3 a5 7. d3 a4 8. Nd2 e3
9. fxe3 Ng4 10. Nde4 f5 11. Bh3 Nxe3 12. Bxe3 Qxe3 13. Qd2 Qxd2+ 14. Nxd2 a3 15.
b3 Ra5 16. O-O g6 17. e4 Bg7 18. Rac1 O-O 19. b4 Re5 20. b5 d6 21. Ndb1 Nd7 22.
Nxa3 Ree8 23. Nab1 Nc5 24. Rcd1 h5 25. a4 Bd7 26. exf5 Re3 27. Rfe1 Rfe8 28.
Rxe3 Rxe3 29. d4 Nd3 30. f6 Bxh3 31. fxg7 Nb2 32. Rc1 Nxc4 33. bxc6 bxc6 34. Nd1
Rb3 35. Nf2 Be6 36. Ne4 Kxg7 37. Nbd2 Nxd2 38. Nxd2 Rd3 39. Nc4 Rxd4 40. Nb6 c5
41. a5 Rd3 42. Ra1 Rb3 43. Na8 Rb7 44. a6 Ra7 45. Nb6 Kf6 46. Kf2 d5 47. Ra5 Ke5
48. Na4 Kd4 49. Nxc5 Bc8 50. h4 Kc4 51. Ke2 d4 52. Kd2 Kb4 53. Nb7 Bxb7 54. axb7
Rxb7 55. Ra6 Kc4 56. Rc6+ Kd5 57. Rxg6 Ke4 58. Re6+ Kf3 59. Re5 Kxg3 60. Rxh5
Rb2+ 61. Kd3 1/2-1/2

[Event "World Junior Girls 2015"]
[Site "Khanty-Mansiysk RUS"]
[Date "2015.09.10"]
[Round "8.12"]
[White "Fataliyeva, Ulviyya"]
[Black "Assaubayeva, Bibissara"]
[Result "1-0"]
[WhiteTitle "WIM"]
[BlackTitle "WFM"]
[WhiteElo "2301"]
[BlackElo "2241"]
[WhiteFideId "13403052"]
[BlackFideId "13708694"]
[EventDate "2015.09.02"]

1. e4 c5 2. Nf3 d6 3. d4 cxd4 4. Nxd4 Nf6 5. Nc3 a6 6. h3 e6 7. g4 Nfd7 8. Bg2
Be7 9. Be3 Nc6 10. Qd2 Nde5 11. b3 Nxd4 12. Bxd4 O-O 13. Ne2 b5 14. Qc3 Bb7 15.
O-O Rc8 16. Qb2 f6 17. Rfd1 Ng6 18. c4 bxc4 19. bxc4 Qc7 20. Rac1 Rf7 21. Rd3
Nh4 22. Bh1 f5 23. gxf5 exf5 24. Rg3 Bf8 25. f3 fxe4 26. fxe4 Re8 27. Rg4 Nf3+
28. Bxf3 Rxf3 29. Ng3 Bc8 30. Rg5 h6 31. Qg2 Qf7 32. Rf5 Bxf5 33. Nxf5 Rxf5 34.
exf5 Qxf5 35. Rf1 Qg5 36. Qxg5 hxg5 37. Kf2 Re4 38. Rd1 Kf7 39. Kf3 Rh4 40. Kg3
Be7 41. Rd3 g6 42. Rd1 Rf4 43. Rd3 Ke6 44. Re3+ Kd7 45. Rd3 Kc6 46. Rd2 a5 47.
a4 Bd8 48. Rd3 Bc7 49. Rd2 Rh4 50. Kg2 g4 51. hxg4 Rxg4+ 52. Kf3 Rh4 53. Ke3 g5
54. Rg2 g4 55. Bf6 Rh3+ 56. Ke4 g3 57. Bg5 Bb6 58. Rd2 Bf2 59. Kf3 Be1 60. Rd1
Rh1 61. Be3 Kc7 62. Ke2 Kc6 63. Rxe1 g2 64. Rg1 Rxg1 65. Bxg1 d5 66. c5 1-0

[Event "World Junior Girls 2015"]
[Site "Khanty-Mansiysk RUS"]
[Date "2015.09.10"]
[Round "8.13"]
[White "Wozniak, Mariola"]
[Black "Sviridova, Vlada"]
[Result "1/2-1/2"]
[WhiteTitle "WCM"]
[BlackTitle "WFM"]
[WhiteElo "2198"]
[BlackElo "2125"]
[WhiteFideId "1152050"]
[BlackFideId "24109606"]
[EventDate "2015.09.02"]

1. e4 e6 2. d4 d5 3. Nc3 Nf6 4. e5 Nfd7 5. f4 c5 6. Nf3 Nc6 7. Be3 cxd4 8. Nxd4
Bc5 9. Qd2 O-O 10. O-O-O a6 11. Kb1 Nxd4 12. Bxd4 b5 13. Bxc5 Nxc5 14. Bd3 b4
15. Ne2 a5 16. Rhf1 Ba6 17. Qe3 Qc7 18. Nd4 a4 19. f5 Ne4 20. Bxe4 Qxe5 21. Rf4
exf5 22. Nxf5 dxe4 23. Rd5 Qf6 24. Rd7 Rae8 25. Nd6 Qe6 26. Qa7 e3 27. Rfxf7
Rxf7 28. Rxf7 e2 29. Rxg7+ Kf8 30. Rf7+ Kg8 31. Rg7+ 1/2-1/2

[Event "World Junior Girls 2015"]
[Site "Khanty-Mansiysk RUS"]
[Date "2015.09.10"]
[Round "8.14"]
[White "Kusenkova, Natallia"]
[Black "Gaboyan, Susanna"]
[Result "0-1"]
[WhiteElo "2155"]
[BlackElo "2107"]
[WhiteFideId "13506501"]
[BlackFideId "13303627"]
[EventDate "2015.09.02"]

1. Nf3 Nf6 2. d4 g6 3. g3 Bg7 4. Bg2 c5 5. c4 O-O 6. O-O cxd4 7. Nxd4 Nc6 8. Nc3
Nxd4 9. Qxd4 d6 10. Qd3 Nd7 11. Bg5 h6 12. Be3 Ne5 13. Qd5 Qc7 14. c5 dxc5 15.
Qxc5 Nc6 16. Nd5 Qe5 17. f4 Qxb2 18. Nc7 Bf5 19. Nxa8 Rxa8 20. Rad1 Qxa2 21.
Bxc6 bxc6 22. Rd2 Qe6 23. Bd4 Bh3 24. Rf2 Qe4 25. Rd1 Rd8 26. e3 Qxe3 0-1

[Event "World Junior Girls 2015"]
[Site "Khanty-Mansiysk RUS"]
[Date "2015.09.10"]
[Round "8.15"]
[White "Utiatskaja, Irina"]
[Black "Sazonova, Anastasia"]
[Result "1-0"]
[WhiteTitle "WFM"]
[BlackTitle "WFM"]
[WhiteElo "2201"]
[BlackElo "2020"]
[WhiteFideId "24140848"]
[BlackFideId "24131008"]
[EventDate "2015.09.02"]

1. e4 c5 2. Ne2 Nc6 3. Nbc3 d6 4. d4 cxd4 5. Nxd4 Nf6 6. Bg5 e6 7. Qd2 Be7 8.
O-O-O Nxd4 9. Qxd4 O-O 10. f4 h6 11. Bh4 a6 12. Be2 Nxe4 13. Nxe4 Bxh4 14. Qxd6
Qxd6 15. Nxd6 b5 16. Bf3 Ra7 17. Rd3 Be7 18. Rhd1 Rc7 19. g3 Rd8 20. Nf5 Rxd3
21. Nxe7+ Rxe7 22. Rxd3 Rc7 23. Rd8+ Kh7 24. Rd6 g5 25. Be4+ Kg7 26. Kd2 Kf6 27.
Ke3 Ke7 28. Rb6 Kd7 29. a4 Rc5 30. axb5 gxf4+ 31. Kd4 Rxb5 32. Rxb5 axb5 33. Kc5
fxg3 34. hxg3 f5 35. Bf3 Kc7 36. Kxb5 Bb7 37. Be2 Bg2 38. Bd3 Kd6 39. c4 Bc6+
40. Kb6 Be4 41. c5+ Ke7 42. Bb5 e5 43. c6 f4 44. gxf4 exf4 45. c7 Bf5 46. Ba6 h5
47. c8=Q Bxc8 48. Bxc8 Kd6 49. b4 f3 50. b5 f2 51. Bh3 Ke5 52. Kc5 Kf4 53. b6
Kg3 54. Bf1 Kh2 55. b7 Kg1 56. Bc4 h4 57. b8=Q Kg2 58. Qg8+ Kh2 59. Qg4 1-0

[Event "World Junior Girls 2015"]
[Site "Khanty-Mansiysk RUS"]
[Date "2015.09.10"]
[Round "8.16"]
[White "Amrayeva, Aytan"]
[Black "Gelip, Ioana"]
[Result "1-0"]
[WhiteTitle "WCM"]
[WhiteElo "2145"]
[BlackElo "2139"]
[WhiteFideId "13405101"]
[BlackFideId "1202260"]
[EventDate "2015.09.02"]

1. c4 e5 2. e4 Nc6 3. Nc3 g6 4. g3 Bg7 5. Bg2 d6 6. Nge2 Bg4 7. h3 Be6 8. d3 Qd7
9. Be3 Nge7 10. Nd5 h6 11. Rb1 a5 12. d4 f5 13. Nxe7 Nxe7 14. dxe5 dxe5 15.
Qxd7+ Bxd7 16. exf5 Bxf5 17. Rd1 Kf7 18. Nc3 Rad8 19. Rxd8 Rxd8 20. O-O Be6 21.
b3 Rd3 22. Na4 b6 23. Be4 Rd8 24. g4 g5 25. Nc3 Rd7 26. c5 bxc5 27. Na4 Bd5 28.
Nxc5 Rd6 29. Bxd5+ Nxd5 30. Nb7 Rf6 31. Rd1 Ke6 32. Nc5+ 1-0

[Event "World Junior Girls 2015"]
[Site "Khanty-Mansiysk RUS"]
[Date "2015.09.10"]
[Round "8.17"]
[White "Vasova, Maria"]
[Black "Monnisha, G K"]
[Result "1-0"]
[BlackTitle "WFM"]
[WhiteElo "2069"]
[BlackElo "2004"]
[WhiteFideId "2900955"]
[BlackFideId "5009936"]
[EventDate "2015.09.02"]

1. e4 e5 2. Nf3 Nc6 3. Bc4 Nf6 4. d3 Bc5 5. Bb3 a6 6. O-O h6 7. c3 Ba7 8. Nbd2
O-O 9. h3 d6 10. Re1 Ne7 11. Nf1 Ng6 12. d4 Re8 13. Ng3 b5 14. a4 Bb7 15. Bc2
Bb6 16. Bd3 Bc6 17. Qc2 bxa4 18. Nf5 Nh5 19. Bf1 Qf6 20. Nh2 exd4 21. cxd4 d5
22. e5 Qe6 23. Be2 Ngf4 24. Bg4 Qg6 25. g3 Bd7 26. gxf4 Nf6 27. Be3 h5 28. exf6 1-0

[Event "World Junior Girls 2015"]
[Site "Khanty-Mansiysk RUS"]
[Date "2015.09.10"]
[Round "8.18"]
[White "Ivanova, Karina"]
[Black "Badamkhand, Norovsambuu"]
[Result "1/2-1/2"]
[WhiteTitle "WFM"]
[WhiteElo "2177"]
[BlackElo "2001"]
[WhiteFideId "24139750"]
[BlackFideId "4901681"]
[EventDate "2015.09.02"]

1. d4 d5 2. c4 c6 3. Nf3 Nf6 4. e3 e6 5. Nc3 Be7 6. Qc2 O-O 7. b3 b6 8. Be2 Nbd7
9. Bb2 Bb7 10. O-O Rc8 11. Rad1 Qc7 12. e4 dxe4 13. Nxe4 Nxe4 14. Qxe4 Nf6 15.
Qc2 c5 16. dxc5 Qxc5 17. Qc3 Rfd8 18. Rxd8+ Rxd8 19. Rd1 Rxd1+ 20. Bxd1 Qb4 21.
Qxb4 Bxb4 22. Kf1 Ne4 23. Bc2 Nd2+ 24. Nxd2 Bxd2 25. Ke2 Bf4 26. g3 Bd6 27. Ke3
e5 28. Be4 Bc8 29. f4 Bc5+ 30. Kf3 exf4 31. Kxf4 f6 32. Bd5+ Kf8 33. Be4 h6 34.
Bf5 Bb7 35. Be4 Bc8 36. Bf5 Bb7 1/2-1/2

[Event "World Junior Girls 2015"]
[Site "Khanty-Mansiysk RUS"]
[Date "2015.09.10"]
[Round "8.19"]
[White "Milosevic, Jovana"]
[Black "Lingur, Zalina"]
[Result "0-1"]
[WhiteTitle "WFM"]
[BlackTitle "WFM"]
[WhiteElo "2117"]
[BlackElo "2128"]
[WhiteFideId "900427"]
[BlackFideId "34165670"]
[EventDate "2015.09.02"]

1. Nf3 c5 2. c4 Nc6 3. d4 cxd4 4. Nxd4 Nf6 5. g3 e5 6. Nb5 Bb4+ 7. Bd2 a6 8.
Bxb4 axb5 9. Bd6 Qa5+ 10. Qd2 Ne4 11. Qxa5 Nxa5 12. Ba3 b4 13. Bg2 bxa3 14. Nxa3
Nf6 15. c5 Ke7 16. O-O-O Nc6 17. Rd2 Ra5 18. Rc2 Rd8 19. Rd1 Ne8 20. f4 exf4 21.
gxf4 d6 22. cxd6+ Rxd6 23. Rxd6 Nxd6 24. Bxc6 bxc6 25. Rxc6 Rh5 26. Nc4 Nxc4 27.
Rxc8 Nd6 28. Rc2 Rxh2 29. Kd2 h5 30. a4 Rh1 31. a5 Ra1 32. b4 h4 33. Kc3 f6 34.
Kb2 Rd1 35. a6 Nb5 36. Rc5 Na7 37. b5 Kd6 38. Rh5 Kc7 39. Rxh4 Rd2+ 40. Kc3 Rxe2
41. Rh5 Kb6 42. Kd3 Re7 43. Rh1 Nxb5 44. Ra1 Ra7 45. Ke4 Rxa6 46. Rxa6+ Kxa6 47.
Kf5 Kb6 48. Kg6 Nd4 49. Kxg7 f5 50. Kf6 Kc6 51. Ke5 Kc5 0-1

[Event "World Junior Girls 2015"]
[Site "Khanty-Mansiysk RUS"]
[Date "2015.09.10"]
[Round "8.20"]
[White "Thomas, Anysia"]
[Black "Bengtsson, Jessica"]
[Result "1-0"]
[WhiteElo "2035"]
[BlackElo "2056"]
[WhiteFideId "670472"]
[BlackFideId "1711083"]
[EventDate "2015.09.02"]

1. d4 Nf6 2. Nf3 d5 3. c4 e6 4. Nc3 Be7 5. cxd5 exd5 6. Qc2 c6 7. Bg5 g6 8. e3
Bf5 9. Bd3 Bxd3 10. Qxd3 Nbd7 11. O-O O-O 12. Rfd1 Re8 13. h3 Ne4 14. Bf4 Bd6
15. Bxd6 Nxd6 16. b4 Nc4 17. Rab1 b5 18. a4 a6 19. a5 f5 20. Ne2 Nf6 21. Rdc1
Qd6 22. Qc2 Na3 23. Qxc6 Qxc6 24. Rxc6 Nxb1 25. Rxf6 Kg7 26. Rd6 Red8 27. Rc6
Rdc8 28. Rd6 Nc3 29. Rd7+ Kf6 30. Nf4 Rd8 31. Rxh7 Rh8 32. Rc7 Rhc8 33. Rxc3
Rxc3 34. Nxd5+ Kg7 35. Nxc3 Rc8 36. Nd5 Rd8 37. Nc7 Rc8 38. Nxa6 Rc1+ 39. Kh2
Rb1 40. Ne5 Kf6 41. Nc6 Ke6 42. Na7 Kd5 43. Nxb5 Kc6 44. Nbc7 Kb7 45. b5 1-0

[Event "World Junior Girls 2015"]
[Site "Khanty-Mansiysk RUS"]
[Date "2015.09.10"]
[Round "8.21"]
[White "Hoare, Amy B"]
[Black "Drogovoz, Maria"]
[Result "0-1"]
[BlackTitle "WFM"]
[WhiteElo "2088"]
[BlackElo "1924"]
[WhiteFideId "418366"]
[BlackFideId "4176731"]
[EventDate "2015.09.02"]

1. e4 c5 2. c3 d6 3. d4 Nf6 4. Bd3 Nc6 5. Nf3 e5 6. dxe5 dxe5 7. O-O Be7 8. Na3
O-O 9. Nc4 Qc7 10. Bg5 Rd8 11. Qe2 Nh5 12. g3 Bxg5 13. Nxg5 Nf6 14. Ne3 h6 15.
Nf3 Be6 16. Rfd1 Na5 17. Nh4 g6 18. Nf3 Nc6 19. Bc4 Bxc4 20. Nxc4 b5 21. Ne3 Ne7
22. Qxb5 Nxe4 23. Qe2 Nf6 24. Nc4 e4 25. Nfd2 Qb7 26. Re1 Nf5 27. Nxe4 Nxe4 28.
Qxe4 Qxe4 29. Rxe4 Nd6 30. Nxd6 Rxd6 31. Rae1 Kf8 32. b4 cxb4 33. cxb4 Rb6 34.
Kg2 a5 35. a3 axb4 36. axb4 Ra2 37. Rb1 Rc6 38. b5 Rcc2 39. b6 Rxf2+ 40. Kg1
Rg2+ 41. Kf1 Rxh2 42. Rh4 Rxh4 43. gxh4 Ra8 44. Kf2 Ke7 45. Rc1 Ra2+ 46. Kf3 Rb2
47. Rc7+ Ke6 48. b7 h5 49. Kf4 Rb5 50. Ke4 Rb4+ 51. Kd3 f6 52. Kc3 Rb1 53. Kc2
Rb6 54. Kd3 Kf5 55. Rg7 g5 56. hxg5 fxg5 57. Ke3 h4 58. Kf3 Rb3+ 59. Kg2 Kg4 60.
Rc7 h3+ 61. Kg1 Rb1+ 62. Kh2 Rb2+ 63. Kg1 Kh4 64. Rc4+ g4 65. Rc7 g3 66. Rh7+
Kg4 67. Rg7+ Kf4 68. Rf7+ Ke5 69. Re7+ Kf6 70. Re1 Rxb7 71. Kf1 Rb2 72. Kg1 Kf5
73. Rf1+ Kg4 74. Re1 h2+ 75. Kh1 Kh3 0-1

[Event "World Junior Girls 2015"]
[Site "Khanty-Mansiysk RUS"]
[Date "2015.09.10"]
[Round "8.22"]
[White "Saranya, J"]
[Black "Garifullina, Leya"]
[Result "1/2-1/2"]
[WhiteTitle "WFM"]
[WhiteElo "2144"]
[BlackElo "1776"]
[WhiteFideId "5031931"]
[BlackFideId "34127035"]
[EventDate "2015.09.02"]

1. e4 e6 2. Nf3 d5 3. Nc3 Nf6 4. e5 Nfd7 5. d4 c5 6. dxc5 Nc6 7. Bf4 Bxc5 8. Bd3
f6 9. exf6 Nxf6 10. Qe2 O-O 11. O-O-O a6 12. Ne5 Bd6 13. Bg3 Qc7 14. Ng4 Nb4 15.
Ne5 d4 16. Bxh7+ Kxh7 17. Rxd4 Nbd5 18. Rh4+ Kg8 19. Nxd5 exd5 20. Ng6 Re8 21.
Rh8+ Kf7 22. Rxe8 Nxe8 23. Nh8+ Kf8 24. Ng6+ Kf7 25. Nh8+ Kf8 26. Ng6+ Kf7 27.
Nh8+ 1/2-1/2

[Event "World Junior Girls 2015"]
[Site "Khanty-Mansiysk RUS"]
[Date "2015.09.10"]
[Round "8.23"]
[White "Barbier, Astrid"]
[Black "Leonardi, Caterina"]
[Result "0-1"]
[WhiteElo "1835"]
[BlackElo "2080"]
[WhiteFideId "200395"]
[BlackFideId "14601036"]
[EventDate "2015.09.02"]

1. e4 g6 2. d4 d6 3. Be3 Bg7 4. Nc3 a6 5. Qd2 b5 6. a3 Bb7 7. h4 h5 8. O-O-O Nd7
9. f4 Ngf6 10. Bd3 Ng4 11. Nf3 e5 12. g3 Nxe3 13. Qxe3 exd4 14. Nxd4 c5 15. Nf3
O-O 16. Be2 b4 17. axb4 cxb4 18. Nd5 Qa5 19. Kb1 Rab8 20. Ne7+ Kh8 21. Rxd6 b3
22. cxb3 Nc5 23. Nd2 Bxe4+ 24. Nxe4 Rxb3 25. Qxb3 Nxb3 26. Rxa6 Qb4 27. Nxg6+
fxg6 28. Ng5 Nd2+ 29. Kc2 Qxb2+ 30. Kd1 Nb3 0-1

[Event "World Junior Girls 2015"]
[Site "Khanty-Mansiysk RUS"]
[Date "2015.09.10"]
[Round "8.24"]
[White "Musaeva, Shakhnazi"]
[Black "Voskresenskaya, Marta"]
[Result "1/2-1/2"]
[WhiteElo "1586"]
[BlackElo "1703"]
[WhiteFideId "13801643"]
[BlackFideId "34127795"]
[EventDate "2015.09.02"]

1. e4 d5 2. exd5 Qxd5 3. Nc3 Qd6 4. Nf3 Nf6 5. d4 a6 6. Be2 g6 7. h3 Bg7 8. Be3
Nc6 9. Qd2 Bf5 10. Nh4 Be6 11. Rd1 Bd5 12. Bf4 Qd8 13. O-O O-O 14. Bf3 Bxf3 15.
Nxf3 e6 16. Ne2 Re8 17. c4 Qe7 18. Rfe1 Rad8 19. Qc1 Rd7 20. Nc3 Qd8 21. Qe3 Qc8
22. Bg5 h5 23. a3 Nh7 24. d5 Na5 25. Qe4 b6 26. Na4 Nb7 27. Qc2 exd5 28. Rxe8+
Qxe8 29. cxd5 Nxg5 30. Nxg5 Qd8 31. Nf3 Nd6 32. Qd3 Nb5 33. Qc4 Bf6 34. Nc3 Nxc3
35. bxc3 b5 36. Qc6 Rd6 37. Qc5 c6 38. Re1 cxd5 39. Nd4 Bxd4 40. Qxd4 Qf6 41.
Qxf6 Rxf6 42. Re8+ Kg7 43. Kf1 Rc6 44. Ra8 Kf6 45. Ke2 Ke6 46. Kd3 f6 47. g3 Ke5
48. Ra7 Kf5 49. Rd7 Ke6 50. Ra7 Ke5 51. Re7+ Kf5 52. Rd7 Ke5 53. Re7+ Re6 54.
Ra7 f5 55. Rd7 Rd6 56. Re7+ Kf6 57. Ra7 g5 58. Rh7 Kg6 59. Re7 1/2-1/2

[Event "World Junior Girls 2015"]
[Site "Khanty-Mansiysk RUS"]
[Date "2015.09.11"]
[Round "9.1"]
[White "Abdumalik, Zhansaya"]
[Black "Ziaziulkina, Nastassia"]
[Result "1/2-1/2"]
[WhiteTitle "WGM"]
[BlackTitle "IM"]
[WhiteElo "2380"]
[BlackElo "2401"]
[WhiteFideId "13703544"]
[BlackFideId "13505211"]
[EventDate "2015.09.02"]

1. e4 c5 2. Nf3 d6 3. d4 cxd4 4. Nxd4 Nf6 5. Nc3 a6 6. g3 e5 7. Nb3 Be6 8. Bg2
Nbd7 9. a4 Rc8 10. O-O Be7 11. Re1 O-O 12. Nd2 Nc5 13. Nf1 Bg4 14. f3 Bd7 15.
Ne3 Ne6 16. Nf5 Bc6 17. Be3 Re8 18. Nxe7+ Rxe7 19. f4 Nc5 20. fxe5 Rxe5 21. Bf4
Re8 22. Bg5 h6 23. Bxf6 Qxf6 24. Qf3 Qxf3 25. Bxf3 Re5 26. Rad1 Nxa4 27. Nxa4
Bxa4 28. b3 Bc6 29. Rxd6 Rce8 30. Kf2 f5 31. Bg2 Kf7 32. Re2 R8e7 33. Rd4 R7e6
34. Re1 Kf6 35. Rd8 Bxe4 36. Bxe4 Rxe4 37. Rf8+ Kg6 38. Rxe4 Rxe4 39. Rd8 Re6
40. Rd7 Rc6 41. Rxb7 Rxc2+ 42. Kg1 Ra2 43. b4 Kf6 44. Ra7 Ra4 45. Rb7 Ra1+ 46.
Kg2 Ra2+ 47. Kg1 g5 48. Rb6+ Ke5 49. Rxh6 Ke4 50. Rf6 f4 51. gxf4 gxf4 52. h4
Kf3 53. Rg6 Ra1+ 54. Kh2 Ra4 55. h5 Rxb4 56. Rxa6 Kg4 57. h6 Rb2+ 1/2-1/2

[Event "World Junior Girls 2015"]
[Site "Khanty-Mansiysk RUS"]
[Date "2015.09.11"]
[Round "9.2"]
[White "Saduakassova, Dinara"]
[Black "Buksa, Nataliya"]
[Result "0-1"]
[WhiteTitle "WGM"]
[BlackTitle "WFM"]
[WhiteElo "2409"]
[BlackElo "2199"]
[WhiteFideId "13700090"]
[BlackFideId "14123622"]
[EventDate "2015.09.02"]

1. d4 d5 2. c4 e6 3. Nc3 a6 4. Nf3 dxc4 5. a4 Nc6 6. e3 Na5 7. Ne5 c5 8. Nxc4
Nf6 9. Nxa5 Qxa5 10. Be2 Be7 11. dxc5 Bxc5 12. Bd2 Bb4 13. O-O O-O 14. Qc2 Bd7
15. Bf3 Rab8 16. Rfd1 Rfd8 17. Be1 Bc6 18. Qe2 h6 19. Bxc6 bxc6 20. Rdc1 Nd5 21.
Qc4 c5 22. Qe2 Rdc8 23. Nxd5 exd5 24. Bc3 Bxc3 25. bxc3 c4 26. Qd2 Rb3 27. Rd1
Qxc3 28. Qxd5 Rbb8 29. Rac1 Qb3 30. a5 c3 31. Qxb3 Rxb3 32. Rc2 Ra3 33. Kf1 Rxa5
34. Rdc1 Rac5 35. Ke2 Kf8 36. Kd3 Ke7 37. Ra1 R5c6 38. Ra3 Ke6 39. e4 g5 40. f3
f5 41. g3 fxe4+ 42. Kxe4 R8c7 43. f4 gxf4 44. Kxf4 Rc4+ 45. Ke3 R7c6 46. h3 R4c5
47. Ke4 a5 48. g4 Kf6 49. h4 Rc4+ 50. Kf3 a4 51. g5+ Ke5 52. gxh6 Kd4 53. Ke2
Rxh6 54. Kd1 Rxh4 55. Rg2 c2+ 0-1

[Event "World Junior Girls 2015"]
[Site "Khanty-Mansiysk RUS"]
[Date "2015.09.11"]
[Round "9.3"]
[White "Makarenko, Alexandra"]
[Black "Bivol, Alina"]
[Result "0-1"]
[WhiteTitle "WFM"]
[BlackTitle "WIM"]
[WhiteElo "2229"]
[BlackElo "2321"]
[WhiteFideId "4165055"]
[BlackFideId "4100123"]
[EventDate "2015.09.02"]

1. e4 e6 2. d4 d5 3. Nc3 Nf6 4. e5 Nfd7 5. f4 c5 6. Nf3 Nc6 7. Be3 a6 8. dxc5
Bxc5 9. Bxc5 Nxc5 10. Bd3 Qb6 11. Rb1 Nb4 12. Qd2 Bd7 13. a3 Nbxd3+ 14. cxd3 Rc8
15. b4 Na4 16. Nxa4 Bxa4 17. Rb2 O-O 18. Ke2 Rc6 19. Rc1 Rfc8 20. Rxc6 Rxc6 21.
Qe3 Qc7 22. Nd4 Rc1 23. f5 Qc3 24. Rd2 Qa1 25. Kf3 Re1 26. Qg5 h6 27. Qh4 Rf1+
28. Ke2 Rg1 29. Qg3 Qxd4 30. f6 g5 31. Qe3 Re1+ 0-1

[Event "World Junior Girls 2015"]
[Site "Khanty-Mansiysk RUS"]
[Date "2015.09.11"]
[Round "9.4"]
[White "Ibrahimova, Sabina"]
[Black "Derakhshani, Dorsa"]
[Result "1-0"]
[WhiteTitle "WIM"]
[BlackTitle "WIM"]
[WhiteElo "2215"]
[BlackElo "2244"]
[WhiteFideId "13403893"]
[BlackFideId "12500330"]
[EventDate "2015.09.02"]

1. e4 c5 2. Nf3 d6 3. d4 cxd4 4. Nxd4 Nf6 5. Nc3 a6 6. h3 e5 7. Nde2 h5 8. Bg5
Be6 9. Bxf6 Qxf6 10. Nd5 Qd8 11. Nec3 g6 12. Bc4 Bh6 13. O-O O-O 14. a4 Nc6 15.
Qd3 Rc8 16. Ba2 Kh7 17. Rad1 f5 18. Nb6 Nb4 19. Qxd6 Qxd6 20. Rxd6 Nxa2 21. Rxe6
Nxc3 22. bxc3 Rxc3 23. Rd1 Rf7 24. Nd5 Rxc2 25. Nf6+ Kg7 26. Ne8+ Kh7 27. Nf6+
Kg7 28. Ne8+ Kh7 29. exf5 gxf5 30. Nf6+ Kg7 31. Nxh5+ Kh7 32. Nf6+ Kg7 33. Ne8+
Kh7 34. Nf6+ Kg7 35. Ne8+ Kh7 36. Nd6 Rd7 37. Rxh6+ Kxh6 38. Nxf5+ Kg5 39. Rxd7
Kxf5 40. Rxb7 Rc4 41. a5 Ra4 42. g4+ Kg5 43. Rf7 Rxa5 44. Rf5+ Kg6 45. Kg2 Rb5
46. h4 a5 47. h5+ Kg7 48. Rg5+ Kh7 49. Rg6 Rb3 50. Ra6 Ra3 51. Re6 Ra4 52. Kg3
e4 53. Re7+ Kg8 54. g5 Rb4 55. h6 1-0

[Event "World Junior Girls 2015"]
[Site "Khanty-Mansiysk RUS"]
[Date "2015.09.11"]
[Round "9.5"]
[White "Khomeriki, Nino"]
[Black "Osmanodja, Filiz"]
[Result "0-1"]
[WhiteTitle "WFM"]
[BlackTitle "WIM"]
[WhiteElo "2296"]
[BlackElo "2309"]
[WhiteFideId "13603191"]
[BlackFideId "24633569"]
[EventDate "2015.09.02"]

1. Nf3 d5 2. g3 Nf6 3. Bg2 c6 4. O-O Bg4 5. d3 Nbd7 6. Nbd2 e5 7. h3 Bh5 8. e4
dxe4 9. dxe4 Be7 10. c3 O-O 11. Qc2 Ne8 12. Rd1 Nd6 13. b3 Qc7 14. Ba3 c5 15. c4
Bg6 16. g4 Rae8 17. Re1 Qc6 18. Nh2 Bg5 19. Nhf1 Nf6 20. Rad1 h5 21. Bf3 hxg4
22. hxg4 Qc8 23. Nh2 Bf4 24. Nb1 Rd8 25. Nc3 Bxh2+ 26. Kxh2 Nxg4+ 27. Bxg4 Qxg4
28. Bxc5 Qh4+ 29. Kg2 Qg4+ 30. Kh2 Qh4+ 31. Kg2 Nxe4 32. Rxd8 Qg5+ 33. Kf1 Nxc5
34. Rxf8+ Kxf8 35. Qc1 Bd3+ 36. Ne2 Qh5 37. Kg2 Be4+ 38. Kg3 Qf3+ 39. Kh4 f6 40.
Ng3 Bf5 0-1